000 00314nam a2200133 i 4500
001 bg
100 1 _aWILHELM, Zdzisław
245 0 _aFizyka reakcji jądrowych /
_cZdzisław Wilhelm.
260 _aWarszawa,
_c1976.
040 _cBPK
041 _apol
942 _cKS
008 s pl f |000 0 pol
999 _c16572
_d16572
856 _uhttp://koha.tu.koszalin.pl/cgi-bin/koha/opac-detail.pl?biblionumber=16572
_yKatalog online BPK